000 nam a22 7a 4500
999 _c10193
_d10193
008 180212b ||||| |||| 00| 0 eng d
100 _aSrinivasan,H.G.
_92153
245 _aZoo Duck
260 _aNew Delhi
_bChildren Book